ARRUPE JESUIT UNIVERSITY

CORONAVIRUS -STOP THE SPREAD - CLEAN,DISINFECT,COVER

A lifetime of struggle / (Record no. 63345)

MARC details
000 -LEADER
fixed length control field 01302cam a2200349 a 4500
001 - CONTROL NUMBER
control field 14725117
003 - CONTROL NUMBER IDENTIFIER
control field ARRUPE
005 - DATE AND TIME OF LATEST TRANSACTION
control field 20170602101312.0
008 - FIXED-LENGTH DATA ELEMENTS--GENERAL INFORMATION
fixed length control field 070206s2007 rh a 001 0aeng
010 ## - LIBRARY OF CONGRESS CONTROL NUMBER
LC control number 2007380024
020 ## - INTERNATIONAL STANDARD BOOK NUMBER
International Standard Book Number 1779051468
040 ## - CATALOGING SOURCE
Original cataloging agency DLC
Transcribing agency DLC
Modifying agency DLC
042 ## - AUTHENTICATION CODE
Authentication code lcode
043 ## - GEOGRAPHIC AREA CODE
Geographic area code f-rh---
050 00 - LIBRARY OF CONGRESS CALL NUMBER
Classification number DT2984.T45
Item number A3 2007
082 00 - DEWEY DECIMAL CLASSIFICATION NUMBER
Classification number 968.91/04
Edition number 22
300 ## - PHYSICAL DESCRIPTION
Other physical details ill. ;
Dimensions 23 cm.
100 1# - MAIN ENTRY--PERSONAL NAME
Personal name Tekere, Edgar Zivanai,
Dates associated with a name 1937-2011.
9 (RLIN) 32005
245 12 - TITLE STATEMENT
Title A lifetime of struggle /
Statement of responsibility, etc Edgar "2-Boy" Zivanai Tekere ; with an introduction by Ibbo Mandaza.
260 ## - PUBLICATION, DISTRIBUTION, ETC. (IMPRINT)
Place of publication, distribution, etc Harare :
Name of publisher, distributor, etc SAPES Books,
Date of publication, distribution, etc 2007.
300 ## - PHYSICAL DESCRIPTION
Extent xxiii, 179 p. :
490 0# - SERIES STATEMENT
Series statement Pan African autobiography series
500 ## - GENERAL NOTE
General note Includes index.
600 10 - SUBJECT ADDED ENTRY--PERSONAL NAME
Personal name Tekere, Edgar Zivanai,
Dates associated with a name 1937-2011.
9 (RLIN) 32005
610 20 - SUBJECT ADDED ENTRY--CORPORATE NAME
Corporate name or jurisdiction name as entry element ZANU-PF (Organization : Zimbabwe)
9 (RLIN) 31886
650 #0 - SUBJECT ADDED ENTRY--TOPICAL TERM
Topical term or geographic name as entry element Politicians
Geographic subdivision Zimbabwe
Form subdivision Biography.
9 (RLIN) 22831
650 #0 - SUBJECT ADDED ENTRY--TOPICAL TERM
Topical term or geographic name as entry element National liberation movements
Geographic subdivision Zimbabwe
General subdivision History
Chronological subdivision 20th century.
9 (RLIN) 31888
651 #0 - SUBJECT ADDED ENTRY--GEOGRAPHIC NAME
Geographic name Zimbabwe
General subdivision History
Chronological subdivision Chimurenga War, 1966-1980.
9 (RLIN) 25956
651 #0 - SUBJECT ADDED ENTRY--GEOGRAPHIC NAME
Geographic name Zimbabwe
General subdivision Politics and government.
9 (RLIN) 32006
651 #0 - SUBJECT ADDED ENTRY--GEOGRAPHIC NAME
Geographic name Zimbabwe
Form subdivision Biography.
9 (RLIN) 32007
906 ## - LOCAL DATA ELEMENT F, LDF (RLIN)
a 7
b cbc
c origode
d 2
e ncip
f 20
g y-gencatlg
942 ## - ADDED ENTRY ELEMENTS (KOHA)
Source of classification or shelving scheme Library of Congress Classification
Koha item type Monograph ( Printed materials)
Holdings
Withdrawn status Lost status Source of classification or shelving scheme Damaged status Not for loan Collection code Home library Current library Shelving location Date acquired Total Checkouts Full call number Barcode Date last seen Date checked out Copy number Price effective from Koha item type
    Library of Congress Classification     Main Collection ARRUPE LIBRARY ARRUPE LIBRARY   05/03/2013 14 DT2999.T4A3 2007 46003097793 21/05/2025 02/05/2025 1 05/03/2013 Monograph ( Printed materials)

 

Arrupe Library. PO Box MP320 Mt Pleasant, Harare, Zimbabwe
263 242 745411|librarian@aju.ac.zw